书目信息 |
| 题名: |
中国法制史
|
|
| 作者: | 赵昆坡 编著 | |
| 分册: | ||
| 出版信息: | 北京 北京大学出版社 2002.5 |
|
| 页数: | 384页 | |
| 开本: | 23cm | |
| 丛书名: | 21世纪法学系列教材 | |
| 单 册: | ||
| 中图分类: | D929 | |
| 科图分类: | ||
| 主题词: | 法制史--fa zhi shi--中国--高等学校--教材 | |
| 电子资源: | ||
| ISBN: | 7-301-05606-0 | |
| 000 | 00789nam 2200265 450 | |
| 001 | CAL 012002164281 | |
| 005 | 20050411090938.7 | |
| 010 | @a7-301-05606-0@d30.00CNY | |
| 099 | @aCAL 012002164281 | |
| 100 | @a20020730d2002 em y0chiy0121 ea | |
| 101 | 0 | @achi |
| 102 | @aCN@b110000 | |
| 105 | @ay a 000yy | |
| 200 | 1 | @a中国法制史@Azhong guo fa zhi shi@f赵昆坡编著 |
| 210 | @a北京@c北京大学出版社@d2002.5 | |
| 215 | @a384页@d23cm | |
| 225 | 2 | @a21世纪法学系列教材@A21 shi ji fa xue xi lie jiao cai@i基础课系列 |
| 320 | @a有书目 | |
| 410 | 0 | @12001 @a21世纪法学系列教材 |
| 606 | 0 | @a法制史@Afa zhi shi@y中国@x高等学校@j教材 |
| 690 | @aD929@v4 | |
| 701 | 0 | @a赵昆坡@Azhao kun po@4编著 |
| 801 | 0 | @aCN@bPUL@c20020730 |
| 905 | @a10447@dD929@eZ300 | |
| 906 | @dCNY30.00@n0@r1 | |
| 中国法制史/赵昆坡编著.-北京:北京大学出版社,2002.5 |
| 384页;23cm.-(21世纪法学系列教材.基础课系列) |
| ISBN 7-301-05606-0:30.00CNY |
| ● |
| 相关链接 |
|
|
|
正题名:中国法制史
索取号:D929/Z300
 
预约/预借
| 序号 | 登录号 | 条形码 | 馆藏地/架位号 | 状态 | 备注 |
| 1 | 552046 | 205520462 | 社科库509/509社科库 106排1列3层/ [索取号:D929/Z300] | 在馆 | |
| 2 | 552047 | 205520471 | 社科库509/509社科库 106排1列3层/ [索取号:D929/Z300] | 在馆 | |
| 3 | 552048 | 205520480 | 社科库509/509社科库 106排1列3层/ [索取号:D929/Z300] | 在馆 | |
| 4 | 552049 | 205520499 | 社科库509/509社科库 106排1列3层/ [索取号:D929/Z300] | 在馆 |